000
00352 a2200169 4500
001
184917
020
_a
85-322-5197-8
040
_c
Magnum
100
_a
Rocha, Ruth
240
1
0
_a
A árvore do Beto
_l
por
245
1
0
_a
A árvore do Beto
300
_a
31
362
0
_a
2004
440
1
_a
FTD
697
_a
LITERATURA INFANTO-JUVENIL
942
_c
BK
999
_c
184917
_d
184917